000 00529nam a2200157Ia 4500
008 210716s2007 xx 000 0 und d
020 _a9788120332300
041 _aeng
082 _a621.3692 JHAA
100 _aJha, Asu Ram.
245 _aFiber optic technology: applications to commercial industrial military and space optical systems.
_bApplications to commercial industrial military and space optical systems.
250 _a1
260 _aNew Delhi
_bPrentice Hall of India
_c2007
300 _axiii,262
650 _aNone
999 _c189666
_d189666